|
|
|
|
| LEADER |
01342nam#a2200349#a#4500 |
| 001 |
009005 |
| 005 |
20160707155634.0 |
| 008 |
030218s2002####ag##################spa#d |
| 040 |
|
|
|a AR-beUNQ
|
| 082 |
0 |
4 |
|a 616.992
|2 21
|
| 099 |
|
|
|a T/25-P19
|
| 100 |
1 |
|
|a Peche, Leticia
|
| 245 |
0 |
2 |
|a Rol de la quimerina-B2 en el comportamiento de células de carcinoma mamario murino en respuesta a componentes de la matriz extracelular /
|c Leticia Peche.
|
| 260 |
|
|
|a
|c 2002
|
| 300 |
|
|
|a 54 p. :
|b gráficos
|
| 500 |
|
|
|a Director de tesis: Daniel Gomez
|
| 500 |
|
|
|a Co-director de tesis: Pablo Lorenzano Menna
|
| 500 |
|
|
|a Lugar de realización: Laboratorio de Oncología Molécular, Departamento de Ciencia y Tecnología, Universidad Nacional de Quilmes
|
| 502 |
|
|
|a Tesis (Licenciatura en Biotecnología) -- Universidad Nacional de Quilmes, 2002
|
| 504 |
|
|
|a Incluye referencias bibliográficas
|
| 942 |
|
|
|c TES
|n 0
|
| 594 |
|
|
|a LICENCIATURA EN BIOTECNOLOGIA
|
| 650 |
|
7 |
|a Neoplasmas malignos
|2 spines
|
| 650 |
|
7 |
|a Citología
|2 spines
|
| 650 |
|
7 |
|a Cancer
|2 toit
|
| 650 |
|
7 |
|a Tesis
|2 toit
|
| 653 |
|
|
|a Oncología
|
| 700 |
1 |
|
|a Gomez, Daniel
|e dir
|4 ths
|
| 700 |
1 |
|
|a Lorenzano Menna, Pablo
|e dir
|4 ths
|
| 710 |
2 |
|
|a Universidad Nacional de Quilmes
|
| 929 |
|
|
|a COMPRA
|b Alberto Díaz
|d 5,00E
|e 20030206
|f patrimonio
|j 33083
|
| 999 |
|
|
|c 743
|d 76130
|